| 000 | 00801nam a22001937a 4500 | ||
|---|---|---|---|
| 005 | 20241024124219.0 | ||
| 010 | _aHIN-128690 | ||
| 020 |
_a9789391574352 _c625.00 |
||
| 035 | _aHN-101036 | ||
| 037 | _bDBAD | ||
| 082 | _a827 | ||
| 100 |
_aपंकज, गिरीश _973369 |
||
| 245 |
_aमिस्टर पलटूराम / _cगिरीश पंकज |
||
| 250 | _aप्रथम | ||
| 260 |
_aदिल्ली _bज्ञान गीता प्रकाशन _c2022 |
||
| 270 |
_aएफ-7, गली नं. 1 ,पंचशील, गार्डन, एक्स., नवीन शाहदरा, _bदिल्ली _e110032 _k09716234769 |
||
| 300 |
_a176 पृ. _c22 सेमी (सजिल्द ) |
||
| 942 |
_2ddc _cHN _h827 _mपंकज |
||
| 999 |
_c206697 _d206697 |
||